书目信息 |
| 题名: |
马里奥·博塔的作品与思想
|
|
| 作者: | ;大师系列丛书编辑部 编著 | |
| 分册: | ||
| 出版信息: | 北京 中国电力出版社 2005.07 |
|
| 页数: | 162页 | |
| 开本: | 24cm | |
| 丛书名: | 大师系列 | |
| 单 册: | ||
| 中图分类: | K835.221.61=5 , TU-865.22 | |
| 科图分类: | ||
| 主题词: | 建筑设计--jian zhu she ji--作品集--瑞士--现代 | |
| 电子资源: | ||
| ISBN: | 7-5083-3486-8 | |
| 000 | 01274nam 2200277 450 | |
| 001 | 010242379915 | |
| 005 | 20060120113318.20 | |
| 010 | @a7-5083-3486-8@dCNY32.00 (含光盘) | |
| 100 | @a20060120d2005 km y0chiy0121 ea | |
| 101 | 0 | @achi |
| 102 | @aCN@b110000 | |
| 105 | @aa z 000yy | |
| 200 | 1 | @a马里奥·博塔的作品与思想@Ama li ao·bo ta de zuo pin yu si xiang@f大师系列丛书编辑部编著@Fda shi xi lie cong shu bian ji bu bian zhu |
| 210 | @a北京@c中国电力出版社@d2005.07 | |
| 215 | @a162页@c图@d24cm@e光盘1片 | |
| 225 | 2 | @a大师系列@Ada shi xi lie@h第二辑 |
| 307 | @a光盘 ISBN : 7-900190-16-3 | |
| 330 | @a在40多年的建筑生涯中,博塔的建筑遍布欧洲、亚洲、北美洲和拉丁美洲。他在建筑原型、场所理念、形式原则和建筑语汇的运用、有机统一的城市体系、历史传统的延续性以及建筑的隐喻性和象征性等建筑思想方面,有着鲜明的原创性和独特性,引起了全球建筑界的广泛关注。本书带您走进博塔的建筑世界,您一定会有很多的感悟和收获。 | |
| 410 | 0 | @12001 @a大师系列 |
| 600 | 1 | @a博塔,@Abo ta,@bM.@f1943-@x生平事迹@y瑞士 |
| 606 | 0 | @a建筑设计@Ajian zhu she ji@x作品集@y瑞士@z现代 |
| 690 | @aK835.221.61=5@v4 | |
| 690 | @aTU-865.22@v4 | |
| 711 | 02 | @a大师系列丛书编辑部@Ada shi xi lie cong shu bian ji bu@4编著 |
| 801 | 0 | @aCN@bQSSK@c20060120 |
| 905 | @a10447@dK835.221.61=5@eD087 | |
| 马里奥·博塔的作品与思想/大师系列丛书编辑部编著.-北京:中国电力出版社,2005.07 |
| 162页:图;24cm+光盘1片.-(大师系列.第二辑) |
| ISBN 7-5083-3486-8:CNY32.00 (含光盘) |
| 在40多年的建筑生涯中,博塔的建筑遍布欧洲、亚洲、北美洲和拉丁美洲。他在建筑原型、场所理念、形式原则和建筑语汇的运用、有机统一的城市体系、历史传统的延续性以及建筑的隐喻性和象征性等建筑思想方面,有着鲜明的原创性和独特性,引起了全球建筑界的广泛关注。本书带您走进博塔的建筑世界,您一定会有很多的感悟和收获。 |
| ● |
| 相关链接 |
|
|
|
正题名:马里奥·博塔的作品与思想
索取号:K835.221.61=5/D087
 
预约/预借
| 序号 | 登录号 | 条形码 | 馆藏地/架位号 | 状态 | 备注 |
| 1 | 552822 | 205528222 | 社科库309/309社科库 101排2列1层/ [索取号:K835.221.61=5/D087] | 在馆 | |
| 2 | 552823 | 205528231 | 社科库309/309社科库 101排2列1层/ [索取号:K835.221.61=5/D087] | 在馆 |